[Event "TCh-Moscow 2014"]
[Site "Moscow RUS"]
[Date "2014.09.28"]
[Round "2.2"]
[White "Fominykh, Maria"]
[Black "Granovskiy, Alexandr"]
[Result "1/2-1/2"]
[WhiteTitle "WIM"]
[BlackTitle "IM"]
[WhiteElo "2292"]
[BlackElo "2288"]
[WhiteTeam "Academy GMs I & V Glek"]
[BlackTeam "Palace"]
[WhiteFideId "4142411"]
[BlackFideId "13700243"]
[EventDate "2014.09.27"]

1. d4 d5 2. c4 e6 3. Nf3 Nf6 4. Nc3 Be7 5. Bg5 O-O 6. e3 Nbd7 7. Qc2 h6 8. Bh4
c5 9. dxc5 Qa5 10. cxd5 Nxd5 11. Bxe7 Nxe7 12. Qa4 Qxc5 13. Rd1 Nb6 14. Qb5 Qc7
15. Qe5 Qxe5 16. Nxe5 Ned5 17. Nxd5 exd5 18. Be2 Be6 19. Nf3 Nc4 20. b3 Nd6 21.
Nd4 Ne4 22. f3 Nc3 23. Ra1 Rfc8 24. a4 a6 25. Kd2 Nxe2 26. Kxe2 Rc3 27. Kd2 Rac8
28. Rhc1 Rxc1 29. Rxc1 Rxc1 30. Kxc1 Kf8 31. Kd2 Ke7 32. Kc3 Kd6 33. g4 a5 34.
Ne2 Kc5 35. Nf4 Bd7 36. Nd3+ Kd6 37. Kd4 b5 38. axb5 Bxb5 39. Nf4 g5 40. Nxd5
Be2 41. e4 Bxf3 42. Ne3 Ke6 1/2-1/2

[Event "TCh-Moscow 2014"]
[Site "Moscow RUS"]
[Date "2014.09.28"]
[Round "2.4"]
[White "Shorokhov, Alexandr"]
[Black "Babarykin, Stanislav"]
[Result "1-0"]
[WhiteTitle "IM"]
[BlackTitle "FM"]
[WhiteElo "2446"]
[BlackElo "2378"]
[WhiteTeam "VNIIAvtomatiki"]
[BlackTeam "Navigator"]
[WhiteFideId "4152590"]
[BlackFideId "4101898"]
[EventDate "2014.09.27"]

1. e4 e5 2. Nf3 Nc6 3. Bb5 Nf6 4. O-O Nxe4 5. Re1 Nd6 6. Nxe5 Be7 7. Bf1 Nxe5 8.
Rxe5 O-O 9. d4 Ne8 10. Re1 d5 11. Bf4 Bf5 12. Nd2 Bd6 13. Be5 f6 14. Bg3 Qd7 15.
c4 Bxg3 16. hxg3 dxc4 17. Nxc4 Kh8 18. Qf3 c6 19. Qa3 Nc7 20. Re7 Qd8 21. Qd6
Nb5 22. Qxd8 Rfxd8 23. Rxb7 Nxd4 24. Re1 Be6 25. b3 Rdb8 26. Na5 Rxb7 27. Nxb7
Bd5 28. Re7 Kg8 29. Na5 Kf8 30. Rd7 Re8 31. Bc4 Re1+ 32. Kh2 Re7 33. Rd6 Nf5 34.
Rd8+ Re8 35. Rxe8+ Kxe8 36. Bd3 Ne7 37. f3 Bg8 38. Kg1 Kd7 39. Kf2 Kd6 40. Ke3
Nd5+ 41. Kd2 Nb4 42. Bc4 Bxc4 43. Nxc4+ Kc5 44. a3 Nd5 45. Kd3 Nc7 46. Ne3 Ne6
47. Kc3 Nc7 48. b4+ Kb5 49. Kb3 a5 50. a4+ Ka6 51. Nc4 axb4 52. Kxb4 Ne6 53. Nd6
Nd4 54. Kc5 Ne2 55. Ne8 Nxg3 56. Nxg7 Kb7 57. Ne8 f5 58. Nd6+ Kc7 59. a5 Ne2 60.
a6 Nc3 61. Nxf5 Na4+ 62. Kb4 Nb2 63. Nd4 Nd3+ 64. Ka5 c5 65. Ne6+ Kc6 66. Nd8+ 1-0

[Event "TCh-Moscow 2014"]
[Site "Moscow RUS"]
[Date "2014.09.28"]
[Round "2.4"]
[White "Lomasov, Semen"]
[Black "Nikolenko, Oleg"]
[Result "1-0"]
[BlackTitle "GM"]
[WhiteElo "2259"]
[BlackElo "2515"]
[WhiteTeam "Navigator"]
[BlackTeam "VNIIAvtomatiki"]
[WhiteFideId "24164879"]
[BlackFideId "4101880"]
[EventDate "2014.09.27"]

1. e4 e6 2. d4 d5 3. Nc3 Nf6 4. e5 Nfd7 5. f4 c5 6. Nf3 Nc6 7. Be3 cxd4 8. Nxd4
Qb6 9. Qd2 Qxb2 10. Rb1 Qa3 11. Bb5 Nxd4 12. Bxd4 Bb4 13. O-O O-O 14. Rb3 Qa5
15. Qf2 f6 16. Bxd7 fxe5 17. a3 Bd6 18. Bxc8 Raxc8 19. Nb5 Rxf4 20. Qe3 Rxf1+
21. Kxf1 Rf8+ 22. Kg1 Rf6 23. Bc3 Qa6 24. Bxe5 Bxe5 25. Qxe5 h6 26. h3 Kh7 27.
Nd6 Rg6 28. Rg3 Rxg3 29. Qxg3 Qc6 30. Qd3+ Kg8 31. Nb5 Qc5+ 32. Kh2 Kf7 33. Nd4
Ke7 34. Qe3 Qd6+ 35. Kg1 Kd7 36. Nf3 a6 37. Qd4 Kc6 38. Qxg7 Qxa3 39. Qxh6 Qa1+
40. Kh2 Kd7 41. Qh7+ Kd6 42. Qxb7 a5 43. Qb6+ Kd7 44. Nd4 Qe1 45. Qc6+ Ke7 46.
Qc7+ Kf6 47. Nc6 Qe4 48. Nxa5 e5 49. Qb6+ Kg5 50. Qf2 d4 51. Nc4 1-0

[Event "TCh-Moscow 2014"]
[Site "Moscow RUS"]
[Date "2014.09.28"]
[Round "2.4"]
[White "Saulin, Dmitri"]
[Black "Mesropov, Konstantin"]
[Result "1-0"]
[WhiteTitle "IM"]
[BlackTitle "IM"]
[WhiteElo "2417"]
[BlackElo "2431"]
[WhiteTeam "VNIIAvtomatiki"]
[BlackTeam "Navigator"]
[WhiteFideId "4118995"]
[BlackFideId "4116887"]
[EventDate "2014.09.27"]

1. e4 e6 2. d4 d5 3. Nc3 Bb4 4. e5 Ne7 5. a3 Bxc3+ 6. bxc3 c5 7. Qg4 cxd4 8. Bd3
Qa5 9. Ne2 O-O 10. O-O dxc3 11. f4 f5 12. exf6 Rxf6 13. Qh5 g6 14. Qh4 Rf7 15.
Nd4 Nbc6 16. Nf3 Nf5 17. Qe1 Bd7 18. Rb1 Qc5+ 19. Kh1 Nd6 20. Ne5 Nxe5 21. Qxe5
b6 22. Be3 d4 23. Bxd4 Qxe5 24. Bxe5 Nf5 25. Be4 Rc8 26. Rf3 Rc4 27. Rb4 Rxe4
28. Rxe4 Bc6 29. Rc4 Bxf3 30. gxf3 Rd7 31. Rxc3 h5 32. Kg2 Rd2+ 33. Kh3 Rf2 34.
a4 Kf8 35. Bb8 a6 36. Ba7 Rf1 37. Bxb6 Ra1 38. a5 Ra4 39. Rc8+ Ke7 40. Rc7+ Kd6
41. Ra7 Rc4 42. Rxa6 Rxc2 43. Bg1+ Kd7 44. Ra7+ Rc7 45. a6 Rxa7 46. Bxa7 Kc6 47.
Bf2 Kc7 48. Kg2 Ne7 49. Bc5 Nf5 50. Kf2 Kc6 51. Ke2 Nh4 52. Ke3 Ng2+ 53. Ke4 Ne1
54. Bf2 Nc2 55. Ke5 Nb4 56. a7 Kb7 57. Kxe6 Nd3 58. Be3 Ne1 59. Kf6 Nxf3 60. h3
Nh4 61. Bf2 Ng2 62. Bg3 h4 63. Bh2 Ne1 64. Kxg6 Nf3 65. f5 Nxh2 66. f6 Nf3 67.
Kh5 Nd4 68. Kxh4 Kxa7 69. Kg5 Ne6+ 70. Kg6 Kb7 71. Kf7 Nf4 72. Ke8 Kc6 73. f7
Ne6 74. f8=Q Nxf8 75. Kxf8 Kd6 76. Kg7 Ke5 77. h4 1-0

[Event "TCh-Moscow 2014"]
[Site "Moscow RUS"]
[Date "2014.09.28"]
[Round "2.4"]
[White "Pipnikov, Nikolay"]
[Black "Gagarin, Vasilij"]
[Result "1-0"]
[BlackTitle "IM"]
[WhiteElo "2321"]
[BlackElo "2292"]
[WhiteTeam "Navigator"]
[BlackTeam "VNIIAvtomatiki"]
[WhiteFideId "4184670"]
[BlackFideId "4103610"]
[EventDate "2014.09.27"]

1. d4 Nf6 2. Nf3 e6 3. Bg5 c5 4. e3 h6 5. Bf4 b6 6. Nbd2 Bb7 7. Bd3 Nh5 8. Bg3
Nxg3 9. hxg3 Be7 10. c3 d6 11. e4 cxd4 12. Nxd4 Nd7 13. f4 a6 14. Qh5 g6 15. Qg4
e5 16. Nc2 Nc5 17. Nb4 Nxd3+ 18. Nxd3 Qd7 19. Qxd7+ Kxd7 20. fxe5 dxe5 21. Nxe5+
Ke6 22. Nef3 Bd6 23. e5 Bxf3 24. Nxf3 Bxe5 25. Nxe5 Kxe5 26. O-O-O b5 27. Rhf1
f5 28. g4 fxg4 29. Rde1+ Kd5 30. Rf6 Rhg8 31. Rfe6 b4 32. R1e5+ Kc4 33. Rc6+ Kd3
34. Rd6+ Kc4 35. Rd4# 1-0

[Event "TCh-Moscow 2014"]
[Site "Moscow RUS"]
[Date "2014.09.28"]
[Round "2.4"]
[White "Elishev, Ivan"]
[Black "Gluhovsky, Mark"]
[Result "1-0"]
[WhiteElo "2191"]
[BlackElo "2199"]
[WhiteTeam "VNIIAvtomatiki"]
[BlackTeam "Navigator"]
[WhiteFideId "4186826"]
[BlackFideId "24165514"]
[EventDate "2014.09.27"]

1. e4 c5 2. Nf3 Nc6 3. Nc3 e5 4. Bc4 Be7 5. d3 d6 6. Nd2 Nf6 7. Nf1 O-O 8. Ne3
Nd4 9. O-O Rb8 10. a3 b5 11. Ba2 a5 12. Ncd5 Nxd5 13. Bxd5 Bg5 14. c3 Ne6 15. a4
Bxe3 16. fxe3 b4 17. Bd2 Nc7 18. Bc4 Be6 19. Bxe6 Nxe6 20. c4 g6 21. Qg4 Ng7 22.
Rf2 f5 23. exf5 gxf5 24. Qh3 d5 25. e4 dxe4 26. dxe4 f4 27. g3 Qd4 28. gxf4 exf4
29. Re1 Rb6 30. Qf3 Rg6+ 31. Kh1 Ne6 32. e5 Qxc4 33. b3 Qd4 34. Re4 Qd5 35. Re1
Qd7 36. h4 Nd4 37. Qe4 Qg4 38. e6 Qxe6 39. Qd3 Qd5+ 40. Kh2 Rg3 41. Qe4 Qd7 42.
Kh1 Qh3+ 43. Rh2 Qg4 44. Qd5+ Kh8 45. Qe5+ Qg7 46. Bxf4 Rxf4 47. Qxf4 Qb7+ 48.
Re4 Rg7 49. Rg2 Ne6 50. Qe5 Qf7 51. Rxg7 Nxg7 52. Qb8+ 1-0

[Event "TCh-Moscow 2014"]
[Site "Moscow RUS"]
[Date "2014.09.28"]
[Round "2.4"]
[White "Golynsky, Yuri"]
[Black "Mayorov, Vasili"]
[Result "1/2-1/2"]
[WhiteElo "2115"]
[BlackElo "2052"]
[WhiteTeam "Navigator"]
[BlackTeam "VNIIAvtomatiki"]
[WhiteFideId "4101952"]
[BlackFideId "4158172"]
[EventDate "2014.09.27"]

1. e4 c6 2. Nf3 d5 3. exd5 cxd5 4. Ne5 Nc6 5. d4 Nf6 6. Bb5 Qb6 7. Nc3 e6 8. O-O
Bd6 9. Nf3 O-O 10. Bd3 Nb4 11. Be2 Bd7 12. Ne5 Nc6 13. Nxd7 Nxd7 14. Nb5 Be7 15.
c3 a6 16. Na3 Bxa3 17. bxa3 Rfc8 18. Bd3 Na5 19. Rb1 Qc7 20. Bd2 Nc4 21. Bxc4
dxc4 22. Qf3 b6 23. Rfe1 Qc6 24. Qg3 Nf8 25. h4 Kh8 26. h5 h6 27. Bf4 Nd7 28.
Rb2 Rg8 29. Be5 Nxe5 30. Qxe5 1/2-1/2

[Event "TCh-Moscow 2014"]
[Site "Moscow RUS"]
[Date "2014.09.28"]
[Round "2.5"]
[White "Paravyan, David"]
[Black "Vavulin, Maksim"]
[Result "1-0"]
[WhiteTitle "IM"]
[BlackTitle "IM"]
[WhiteElo "2428"]
[BlackElo "2431"]
[WhiteTeam "The chip"]
[BlackTeam "Moscow Youth"]
[WhiteFideId "4194985"]
[BlackFideId "4169530"]
[EventDate "2014.09.27"]

1. d4 Nf6 2. c4 e6 3. Nf3 c5 4. d5 exd5 5. cxd5 g6 6. Nc3 Bg7 7. Bf4 d6 8. e3
O-O 9. h3 Nh5 10. Bh2 f5 11. Be2 f4 12. O-O fxe3 13. fxe3 Qe7 14. Qd3 a6 15. Nd2
Nf6 16. Nc4 Rd8 17. e4 b5 18. Nxd6 Nbd7 19. Nxc8 Raxc8 20. d6 Qe6 21. Nd5 c4 22.
Ne7+ Kh8 23. Qe3 Rc5 24. Bf3 Nd5 25. Nxd5 Rxd5 26. Bg4 Qe8 27. Qe2 Rd4 28. Bxd7
Rxd7 29. Rae1 R4xd6 30. Bxd6 Rxd6 31. Rd1 Re6 32. Rfe1 Be5 33. Rd5 Kg7 34. Red1
Re7 35. Rf1 Qc6 36. Qf3 Qb6+ 37. Kh1 Qb8 38. Rf2 Qe8 39. g4 h6 40. Kg2 Qb8 41.
h4 Qe8 42. g5 h5 43. a3 Kh7 44. Rfd2 Bg7 45. Rd8 Qc6 46. R2d6 Qxe4 47. Qxe4 Rxe4
48. R6d7 Rxh4 49. Ra7 Rg4+ 50. Kh3 Rxg5 51. Rdd7 Kh6 52. Rxg7 Rg1 53. Rgf7 Rc1
54. Rxa6 c3 55. bxc3 Rxc3+ 56. Kg2 Rc4 57. Rf3 h4 58. Rb6 Kh5 59. Rxb5+ g5 60.
Rf2 Rc3 61. Rff5 Rc2+ 62. Kf1 Rc1+ 63. Kf2 Rc2+ 64. Ke3 Rc3+ 65. Kd4 Rg3 66. Ke5
Rxa3 67. Ke4 Rg3 68. Rf3 Rg2 69. Ke3 Ra2 70. Rff5 Ra3+ 71. Kf2 Ra2+ 72. Kg1 Ra1+
73. Kg2 Ra2+ 74. Rf2 Ra4 75. Kh3 Ra3+ 76. Kh2 Ra8 77. Rg2 Rg8 78. Kh3 Rg7 79.
Rg4 Kh6 80. Ra4 Rc7 81. Kg4 1-0

[Event "TCh-Moscow 2014"]
[Site "Moscow RUS"]
[Date "2014.09.28"]
[Round "2.5"]
[White "Zakhartsov, Vladimir"]
[Black "Erzhanov, Arman"]
[Result "1-0"]
[WhiteTitle "IM"]
[BlackTitle "FM"]
[WhiteElo "2407"]
[BlackElo "2273"]
[WhiteTeam "Moscow Youth"]
[BlackTeam "The chip"]
[WhiteFideId "4145097"]
[BlackFideId "4138821"]
[EventDate "2014.09.27"]

1. e4 d6 2. d4 Nf6 3. Nc3 e5 4. Nge2 Be7 5. g3 c6 6. Bg2 O-O 7. O-O b5 8. a3 a5
9. h3 Ba6 10. b4 Nbd7 11. Be3 Nb6 12. dxe5 dxe5 13. Qxd8 Bxd8 14. Rfd1 Nc4 15.
Bc5 Re8 16. Nc1 Bc7 17. Nb3 Rad8 18. Rxd8 Rxd8 19. Bf1 Nd2 20. Nxd2 Rxd2 21. Bd3
Bc8 22. Kg2 Be6 23. Be3 Rxd3 24. cxd3 Kf8 25. Rc1 Bd8 26. f4 Nd7 27. Ne2 axb4
28. axb4 Be7 29. Bd2 c5 30. f5 Bb3 31. bxc5 Bxc5 32. Rxc5 1-0

[Event "TCh-Moscow 2014"]
[Site "Moscow RUS"]
[Date "2014.09.28"]
[Round "2.5"]
[White "Kostin, Konstantin"]
[Black "Savenkov, Konstantin"]
[Result "1/2-1/2"]
[WhiteTitle "FM"]
[WhiteElo "2283"]
[BlackElo "2370"]
[WhiteTeam "The chip"]
[BlackTeam "Moscow Youth"]
[WhiteFideId "4155882"]
[BlackFideId "4138600"]
[EventDate "2014.09.27"]

1. d4 e6 2. Bf4 Nf6 3. e3 b6 4. Nf3 Bb7 5. h3 c5 6. c3 d5 7. Nbd2 Be7 8. Bd3 O-O
9. Ne5 Nbd7 10. O-O Ne4 11. Nxd7 Qxd7 12. Qc2 Nxd2 13. Qxd2 Rac8 14. Qe2 Bf6 15.
Rfd1 Qe7 16. Bg3 Rfd8 17. Rd2 g6 18. Rad1 e5 19. dxe5 Bxe5 20. Bxe5 Qxe5 21. Ba6
Rc7 22. Bxb7 Rxb7 23. Qa6 Rbd7 24. Qa3 a5 25. Qa4 Rd6 26. a3 h5 27. Rd3 Kf8 28.
R3d2 Kg8 29. Rd3 Kf8 30. R3d2 Ra8 1/2-1/2

[Event "TCh-Moscow 2014"]
[Site "Moscow RUS"]
[Date "2014.09.28"]
[Round "2.5"]
[White "Smirnov, Timofey"]
[Black "Morozov, Grigoriy"]
[Result "0-1"]
[BlackTitle "FM"]
[WhiteElo "2269"]
[BlackElo "2350"]
[WhiteTeam "Moscow Youth"]
[BlackTeam "The chip"]
[WhiteFideId "24176427"]
[BlackFideId "4168860"]
[EventDate "2014.09.27"]

1. e4 e6 2. d4 d5 3. Nc3 Bb4 4. e5 Qd7 5. a3 Bf8 6. f4 b6 7. Nf3 Ba6 8. Bxa6
Nxa6 9. Qd3 Nb8 10. O-O Ne7 11. Be3 Nbc6 12. Ne2 h5 13. b3 Nf5 14. Bf2 Be7 15.
c4 g6 16. cxd5 exd5 17. Ng3 Nxg3 18. Bxg3 h4 19. Bf2 Nd8 20. Be3 Qf5 21. Qc3 c6
22. Ne1 Kf8 23. Qd3 Ne6 24. b4 Kg7 25. Rc1 Rhc8 26. Qxf5 gxf5 27. Nc2 a5 28. Bd2
axb4 29. axb4 Ra2 30. Bc3 Kg6 31. Ne3 Re2 32. Rf3 Nxf4 33. Kf1 Bg5 34. Rd1 Rxe3
35. Rxe3 Nxg2 36. Kxg2 Bxe3 37. Kf3 f4 38. Ra1 c5 39. bxc5 bxc5 40. Ra6+ Kh5 41.
dxc5 Rxc5 42. Be1 Rc1 43. Ke2 d4 44. Rd6 f3+ 0-1

[Event "TCh-Moscow 2014"]
[Site "Moscow RUS"]
[Date "2014.09.28"]
[Round "2.5"]
[White "Pletnev, Evgeniy"]
[Black "Kovalev, Egor"]
[Result "1-0"]
[WhiteElo "2234"]
[BlackElo "2209"]
[WhiteTeam "The chip"]
[BlackTeam "Moscow Youth"]
[WhiteFideId "24104140"]
[BlackFideId "24124117"]
[EventDate "2014.09.27"]

1. d4 Nf6 2. Bg5 g6 3. Bxf6 exf6 4. e3 Bg7 5. Bc4 d5 6. Bb3 O-O 7. Qf3 c6 8. Nd2
f5 9. h4 Nd7 10. c4 dxc4 11. Nxc4 c5 12. h5 cxd4 13. hxg6 hxg6 14. exd4 Qe7+ 15.
Ne2 Re8 16. Kf1 Nf6 17. Nf4 Ne4 18. Rd1 Kf8 19. g4 g5 20. Nd5 fxg4 21. Qe3 Qd8
22. Ne5 Bf5 23. Qe1 f6 24. Ne3 Be6 25. d5 Bg8 26. Qb4+ Qd6 27. Qxe4 Rxe5 28.
Qxg4 b5 29. Rc1 Rd8 30. Rh3 Bf7 31. Rc6 Qe7 32. Rf3 Re4 33. Qf5 Bh5 34. d6 Qe5
35. Qh7 Rc4 36. Bxc4 1-0

[Event "TCh-Moscow 2014"]
[Site "Moscow RUS"]
[Date "2014.09.28"]
[Round "2.5"]
[White "Mukhitdinov, Akmalkhon"]
[Black "Zhadanov, Vasili B."]
[Result "1-0"]
[BlackTitle "FM"]
[WhiteElo "2121"]
[BlackElo "2237"]
[WhiteTeam "Moscow Youth"]
[BlackTeam "The chip"]
[WhiteFideId "24150851"]
[BlackFideId "4144473"]
[EventDate "2014.09.27"]

1. c4 Nf6 2. Nc3 c5 3. g3 e6 4. Nf3 b6 5. Bg2 Bb7 6. O-O Be7 7. d3 d5 8. cxd5
Nxd5 9. Nxd5 Bxd5 10. Qc2 O-O 11. Rd1 Nc6 12. e4 Nb4 13. Qd2 Bxa2 14. Qc3 c4 15.
Ne5 b5 16. Be3 Bb3 17. Rd2 Qc7 18. dxc4 Rfd8 19. Rxd8+ Rxd8 20. Rxa7 Qd6 21.
Qxb3 Qxe5 22. Rxe7 Nc6 23. Rb7 bxc4 24. Qxc4 Qd6 25. Qc5 Qd1+ 26. Bf1 Qa4 27.
Rc7 Nb8 28. Qe7 Qe8 29. Qxe8+ Rxe8 30. b4 1-0

[Event "TCh-Moscow 2014"]
[Site "Moscow RUS"]
[Date "2014.09.30"]
[Round "3.1"]
[White "Belov, Vladimir"]
[Black "Paravyan, David"]
[Result "0-1"]
[WhiteTitle "GM"]
[BlackTitle "IM"]
[WhiteElo "2628"]
[BlackElo "2428"]
[WhiteTeam "Navigator"]
[BlackTeam "The chip"]
[WhiteFideId "4132394"]
[BlackFideId "4194985"]
[EventDate "2014.09.27"]

1. d4 Nf6 2. c4 g6 3. Nc3 d5 4. Bf4 Bg7 5. e3 O-O 6. Rc1 Be6 7. c5 Nh5 8. Bg5 b6
9. b4 a5 10. b5 bxc5 11. dxc5 h6 12. Bh4 Nd7 13. Na4 Ne5 14. Be2 g5 15. Bxh5
gxh4 16. Ne2 Bf5 17. Nf4 e6 18. Be2 Qg5 19. g3 Rad8 20. Nh5 hxg3 21. hxg3 Be4
22. Rh2 d4 23. f4 Qg6 24. fxe5 Bxe5 25. exd4 Rxd4 26. Qb3 Rfd8 27. Rh4 Bd3 28.
Qxd3 Rxd3 29. Rg4 R3d4 30. Rxg6+ fxg6 31. Bc4 gxh5 32. c6 Bxg3+ 33. Ke2 Bf4 34.
Rg1+ Kf7 35. Bb3 Bd6 36. b6 cxb6 37. Nxb6 Rb4 38. Na4 Rc8 39. Rc1 Ke7 40. Nc3 h4
41. Kd3 h3 42. Re1 Rxb3 43. axb3 Rxc6 44. Re3 h2 45. Rh3 Bf4 46. Ne2 Rd6+ 0-1

[Event "TCh-Moscow 2014"]
[Site "Moscow RUS"]
[Date "2014.09.30"]
[Round "3.1"]
[White "Erzhanov, Arman"]
[Black "Deviatkin, Andrei"]
[Result "0-1"]
[WhiteTitle "FM"]
[BlackTitle "GM"]
[WhiteElo "2273"]
[BlackElo "2520"]
[WhiteTeam "The chip"]
[BlackTeam "Navigator"]
[WhiteFideId "4138821"]
[BlackFideId "4121260"]
[EventDate "2014.09.27"]

1. e4 c6 2. Nc3 d5 3. Nf3 a6 4. h3 d4 5. Ne2 c5 6. c3 Nc6 7. Ng3 e6 8. d3 Bd6 9.
Nh5 g6 10. Nf4 Nf6 11. g3 e5 12. Nd5 Nxd5 13. exd5 Ne7 14. c4 f6 15. h4 h5 16.
Nd2 f5 17. Bh3 Qc7 18. Qe2 Bd7 19. Nf3 O-O 20. Ng5 Rae8 21. Bd2 b5 22. b3 bxc4
23. bxc4 Rb8 24. Bc1 Nc8 25. O-O Nb6 26. Bd2 Na4 27. Rab1 Rb7 28. Rb3 Rfb8 29.
Rfb1 Rxb3 30. Rxb3 Nc3 31. Bxc3 Rxb3 32. axb3 dxc3 33. Qc2 Qa5 34. Kf1 Qa1+ 35.
Ke2 Be8 36. d4 Qb2 37. Kd1 Qa1+ 38. Ke2 Qb2 39. Kd1 Qxc2+ 40. Kxc2 exd4 41. f4
a5 42. Bf1 a4 43. Bd3 Kf8 44. Nf3 Ke7 45. Ne5 Kf6 46. Nf3 Bd7 47. Ng5 Be8 48.
Nf3 Bc7 49. Ng5 Ba5 50. Ne6 Bb4 51. Nc7 Bd7 52. Nb5 axb3+ 53. Kxb3 c2 54. Bxc2
Be1 55. Nc7 Ke7 56. Ne6 Bxe6 57. dxe6 Bxg3 58. Ka4 Kxe6 59. Kb5 Kd6 0-1

[Event "TCh-Moscow 2014"]
[Site "Moscow RUS"]
[Date "2014.09.30"]
[Round "3.1"]
[White "Pletnev, Evgeniy"]
[Black "Babarykin, Stanislav"]
[Result "1/2-1/2"]
[BlackTitle "FM"]
[WhiteElo "2234"]
[BlackElo "2378"]
[WhiteTeam "The chip"]
[BlackTeam "Navigator"]
[WhiteFideId "24104140"]
[BlackFideId "4101898"]
[EventDate "2014.09.27"]

1. f4 d5 2. Nf3 g6 3. g3 Bg7 4. Bg2 c5 5. O-O Nc6 6. d3 Nf6 7. c3 d4 8. Bd2 O-O
9. Na3 Rb8 10. Rc1 b6 11. Qe1 Bb7 12. h3 Nd5 13. g4 e5 14. f5 gxf5 15. gxf5 Bf6
16. Bh6 Nf4 17. Bxf4 exf4 18. Nh2 Kh8 19. Be4 Ne7 20. Rxf4 Bg5 21. Rg4 Be3+ 22.
Kf1 Bxc1 23. Qxc1 Qd6 24. Nf3 Nd5 25. cxd4 cxd4 26. Nxd4 Nf6 27. Qh6 Rg8 28.
Rxg8+ Kxg8 29. Qg5+ Kh8 30. Ne6 fxe6 31. Qxf6+ Kg8 32. Qg5+ Kh8 33. Qf6+ Kg8 34.
Qg5+ Kh8 35. Nc4 Qf8 36. Ne5 Qg7 37. Qxg7+ Kxg7 38. f6+ Kg8 39. f7+ Kg7 40. Nd7
Bxe4 41. dxe4 Rd8 42. f8=Q+ Rxf8+ 43. Nxf8 Kxf8 44. Kf2 e5 45. Ke3 Ke7 46. Kd3
Kd6 47. Kc4 Kc6 48. a4 a6 49. h4 h5 50. b3 Kd6 51. Kb4 Kc6 52. Kc3 Kc5 53. b4+
Kc6 54. Kc4 b5+ 55. Kb3 Kd7 1/2-1/2

[Event "TCh-Moscow 2014"]
[Site "Moscow RUS"]
[Date "2014.09.30"]
[Round "3.1"]
[White "Lomasov, Semen"]
[Black "Zhadanov, Vasili B."]
[Result "1/2-1/2"]
[BlackTitle "FM"]
[WhiteElo "2259"]
[BlackElo "2237"]
[WhiteTeam "Navigator"]
[BlackTeam "The chip"]
[WhiteFideId "24164879"]
[BlackFideId "4144473"]
[EventDate "2014.09.27"]

1. e4 c5 2. Nc3 Nc6 3. Bb5 Nd4 4. Bc4 g6 5. Nf3 Bg7 6. Nxd4 cxd4 7. Qf3 e6 8.
Nb5 d6 9. Qa3 Ke7 10. c3 dxc3 11. dxc3 a6 12. Be2 Rb8 13. Nd4 Qc7 14. O-O Qc5
15. b4 Qc7 16. b5 Nf6 17. e5 Nd5 18. Bf3 Bxe5 19. Bxd5 exd5 20. Re1 Kf6 21. Bh6
g5 22. Qc1 Rg8 23. Qe3 Bf4 24. Qd3 Rg6 25. g3 Rxh6 26. gxf4 gxf4 27. Qd2 Kg7 28.
Qxf4 Qxc3 29. Rac1 Qh3 30. Re3 Qh4 31. Rg3+ Kf8 32. Qxh4 Rxh4 33. Nf3 Rc4 34.
Rd1 Be6 35. Nd4 Rbc8 36. Rdd3 Bd7 37. Rg5 Rc3 38. Rd2 R8c5 39. bxa6 bxa6 40. f3
Bb5 41. Nb3 R5c4 42. Nd4 Rc1+ 43. Kg2 Rc5 44. Kf2 Bc4 45. Rf5 Ke7 46. Rb2 Rc7
47. Ke3 Re1+ 48. Kf4 Rd1 49. Nb3 Rb7 50. Rg2 Bxb3 51. Re2+ Kf8 52. axb3 Rb4+ 53.
Kg5 Rg1+ 54. Kh5 Rxb3 55. Rc2 Rb7 56. Kh6 Rg6+ 57. Kxh7 Re6 58. Rc8+ Ke7 59.
Rxd5 Ra7 60. Ra5 Re5 61. Ra4 d5 62. h4 Re6 63. h5 f5 64. Rg8 Kf6+ 65. Kh6 f4 66.
Rg6+ Kf5 67. Rxe6 Kxe6 68. Kg6 Ke5 69. h6 d4 70. Ra5+ Kd6 71. h7 Ra8 72. Rxa6+
Rxa6 73. h8=Q Kc5+ 74. Kf5 Rd6 75. Qc8+ Kd5 76. Kxf4 d3 77. Ke3 Ke5 78. Qc3+ Ke6
79. Qc4+ Ke7 80. Kd2 Kf6 81. Qf4+ Ke7 82. Qe5+ Kd7 83. f4 Re6 84. Qg7+ Re7 85.
Qg4+ Ke8 86. Qg8+ Kd7 87. Kxd3 Re1 88. Qf7+ Kd6 89. Kd4 Re7 90. Qxe7+ Kxe7 91.
Ke5 1/2-1/2

[Event "TCh-Moscow 2014"]
[Site "Moscow RUS"]
[Date "2014.09.30"]
[Round "3.1"]
[White "Shcherbinin, Kirill"]
[Black "Mesropov, Konstantin"]
[Result "0-1"]
[BlackTitle "IM"]
[WhiteElo "2204"]
[BlackElo "2431"]
[WhiteTeam "The chip"]
[BlackTeam "Navigator"]
[WhiteFideId "4180453"]
[BlackFideId "4116887"]
[EventDate "2014.09.27"]

1. e4 e6 2. d4 d5 3. Nd2 Nc6 4. Ngf3 Nf6 5. e5 Nd7 6. Nb3 a5 7. a4 b6 8. Bb5 Na7
9. Be2 c5 10. O-O Be7 11. c3 Nc6 12. Re1 O-O 13. Bf4 Ba6 14. Bxa6 Rxa6 15. Qd2
Ra7 16. Bg5 Bxg5 17. Nxg5 cxd4 18. cxd4 Rc7 19. Rac1 h6 20. Nf3 Qe7 21. Rc2 Rfc8
22. Rec1 Ndb8 23. Qe2 Nb4 24. Rxc7 Rxc7 25. Rc3 Na2 26. Rxc7 Qxc7 27. Qb5 Kf8
28. h4 Nb4 29. g3 Ke7 30. Kg2 Nd7 31. Nbd2 Qc2 32. b3 Qc3 33. Qe2 Nc2 34. Kf1
Nxd4 35. Nxd4 Qxd4 36. Nf3 Qc3 37. Qe3 Qxe3 38. fxe3 Nc5 39. Nd2 Nd3 40. Nf3 h5
41. Kg2 Kd7 42. Kh3 Kc6 0-1

[Event "TCh-Moscow 2014"]
[Site "Moscow RUS"]
[Date "2014.09.30"]
[Round "3.4"]
[White "Zasko, Grigory"]
[Black "Popov, Ivan RUS"]
[Result "0-1"]
[BlackTitle "GM"]
[WhiteElo "2129"]
[BlackElo "2627"]
[WhiteTeam "School Chess School Anatoly Karpov"]
[BlackTeam "Palace"]
[WhiteFideId "34102229"]
[BlackFideId "4170350"]
[EventDate "2014.09.27"]

1. Nf3 c5 2. g3 Nc6 3. Bg2 g6 4. O-O Bg7 5. d3 d6 6. Nc3 Nf6 7. a3 O-O 8. Rb1 b6
9. b4 Bb7 10. Na4 Nd4 11. Nxd4 Bxg2 12. Kxg2 cxd4 13. c4 d5 14. Bf4 Nh5 15. Bd2
dxc4 16. dxc4 e5 17. Qb3 Qd7 18. b5 Rac8 19. Rbc1 Qe6 20. Bb4 Rfd8 21. Rfd1 e4
22. Rc2 d3 23. exd3 Nf4+ 24. Kg1 Qh3 25. f3 Bd4+ 26. Kh1 exf3 27. Qa2 Nh5 0-1

[Event "TCh-Moscow 2014"]
[Site "Moscow RUS"]
[Date "2014.09.30"]
[Round "3.4"]
[White "Rychagov, Andrey"]
[Black "Gurvich, Vitaly"]
[Result "1-0"]
[WhiteTitle "GM"]
[WhiteElo "2559"]
[BlackElo "2095"]
[WhiteTeam "Palace"]
[BlackTeam "School Chess School Anatoly Karpov"]
[WhiteFideId "4119932"]
[BlackFideId "24164852"]
[EventDate "2014.09.27"]

1. d4 Nf6 2. c4 g6 3. Nc3 Bg7 4. e4 d6 5. Nf3 O-O 6. Be2 Bg4 7. O-O Nfd7 8. Be3
Nc6 9. Ne1 Bxe2 10. Nxe2 Na5 11. Rc1 c5 12. b3 a6 13. d5 b5 14. Nf3 Rb8 15. Bd2
Nb7 16. Nf4 Ne5 17. Nxe5 Bxe5 18. Nd3 Bd4 19. Qg4 Qc8 20. Qg3 e6 21. Bf4 exd5
22. cxd5 Qd7 23. e5 Rbd8 24. Bg5 Rde8 25. Bf6 Qf5 26. Rfe1 dxe5 27. Bxe5 Bxe5
28. Nxe5 Kg7 29. Rcd1 f6 30. Nf3 Rxe1+ 31. Nxe1 Qd7 32. Qf3 Rd8 33. g3 c4 34.
bxc4 bxc4 35. Ng2 Nc5 36. Nf4 Re8 37. Rb1 Qc7 38. Rc1 Kf7 39. Rxc4 Qb6 40. Kg2
Qb5 41. Rc1 Ne4 42. Rc7+ Kg8 43. Qb3 Qxb3 44. axb3 Rb8 45. f3 Nd6 46. Rc6 Nf5
47. g4 Nh4+ 48. Kg3 g5 49. Rxf6 Rxb3 50. Ne6 h6 51. d6 Rd3 52. Nc5 Rd2 53. d7
Kg7 54. Rxa6 Ng2 55. d8=Q Rxd8 56. Ne6+ 1-0